<?xml version="1.0" encoding="UTF-8"?>
<collection xmlns="http://www.loc.gov/MARC21/slim">
<record>
  <controlfield tag="001">148875</controlfield>
  <controlfield tag="005">20260217205547.0</controlfield>
  <datafield tag="024" ind1="7" ind2=" ">
    <subfield code="2">doi</subfield>
    <subfield code="a">10.1016/j.jphotochem.2024.116218</subfield>
  </datafield>
  <datafield tag="024" ind1="8" ind2=" ">
    <subfield code="2">sideral</subfield>
    <subfield code="a">142065</subfield>
  </datafield>
  <datafield tag="037" ind1=" " ind2=" ">
    <subfield code="a">ART-2024-142065</subfield>
  </datafield>
  <datafield tag="041" ind1=" " ind2=" ">
    <subfield code="a">eng</subfield>
  </datafield>
  <datafield tag="100" ind1=" " ind2=" ">
    <subfield code="a">Fallon, Muireann</subfield>
  </datafield>
  <datafield tag="245" ind1=" " ind2=" ">
    <subfield code="a">Novel cyclometalated iridium (III) complexes as antibacterial agents for photodynamic inactivation</subfield>
  </datafield>
  <datafield tag="260" ind1=" " ind2=" ">
    <subfield code="c">2024</subfield>
  </datafield>
  <datafield tag="506" ind1="0" ind2=" ">
    <subfield code="a">Access copy available to the general public</subfield>
    <subfield code="f">Unrestricted</subfield>
  </datafield>
  <datafield tag="520" ind1="3" ind2=" ">
    <subfield code="a">Staphylococcus aureus and methicillin-resistant S. aureus (MRSA) frequently cause chronic skin and soft tissue infections and device-related infections. These bacteria colonize human skin and can survive for long periods within biofilms, on indwelling medical devices, high touch surfaces and equipment in the healthcare setting, which are reservoirs for further transmission to patients. Photodynamic therapy may offer an alternative to antibiotics in the management of infections or photodynamic disinfection may limit transmission of specific pathogens in the healthcare setting. Two novel cyclometalated iridium (III) complexes [Ir(ppy)2L](PF6) (ppy: phenyl pyridine, L = 6-((2,6-diisopropylphenyl)amino)-5,6-dihydro-1,10-phenanthrolin-5-ol (Ir1) and L = N-(2,6-diisopropylphenyl)-1,10-phenanthrolin-5-amine (Ir2)) were synthesized and evaluated for their antimicrobial properties when activated by light (370 nm). Iridium complexes (Ir1 and Ir2) led to potent inactivation of planktonic Staphylococcus aureus at 5 µM (almost 5 log10 reduction in colony forming units (CFU)/mL) after light exposure (p ≤ 0.01 for dark vs light). Dark toxicity was &lt; 1 log10. Under the same conditions, Escherichia coli killing was &lt; 1 log10. Anti-staphylococcal activity was concentration-dependant over the range 0.1 µM − 5 µM (p ≤ 0.001, Ir1, p ≤ 0.01 Ir2). Anti-biofilm activity was observed against mature (72 h) biofilms of S. aureus including methicillin-resistant S. aureus (MRSA) biofilms but higher concentrations (50 μM) were required. Treatment with Ir1 or Ir2 resulted in removal of 20 – 32 % of biofilm biomass as measured by crystal violet staining and 24 – 73 % reduction in the metabolic activity of cells within the biofilm, using resazurin reduction assays. Cytotoxicity to cultured human keratinocytes was minimal at antimicrobial concentrations but increased with higher concentrations, for Ir1 but not Ir2 (Ir1 p ≤ 0.01, 5 Vs 50 μM). The quantum yield for singlet oxygen (1O2) emission was measured as 0.16 and 0.30 for Ir1 and Ir2 respectively. Ground and excited state UV–Vis absorption, steady-state and time-resolved studies together with cyclic voltammetry are also presented. In summary, the potent and rapid antimicrobial activity of these cyclometalated iridium (III) complexes against S. aureus and MRSA, which included biofilm eradication, highlight their potential in the management or prevention of device-associated infections or healthcare transmission involving these pathogens.</subfield>
  </datafield>
  <datafield tag="540" ind1=" " ind2=" ">
    <subfield code="9">info:eu-repo/semantics/openAccess</subfield>
    <subfield code="a">by-nc</subfield>
    <subfield code="u">https://creativecommons.org/licenses/by-nc/4.0/deed.es</subfield>
  </datafield>
  <datafield tag="590" ind1=" " ind2=" ">
    <subfield code="a">4.7</subfield>
    <subfield code="b">2024</subfield>
  </datafield>
  <datafield tag="591" ind1=" " ind2=" ">
    <subfield code="a">CHEMISTRY, PHYSICAL</subfield>
    <subfield code="b">68 / 185 = 0.368</subfield>
    <subfield code="c">2024</subfield>
    <subfield code="d">Q2</subfield>
    <subfield code="e">T2</subfield>
  </datafield>
  <datafield tag="592" ind1=" " ind2=" ">
    <subfield code="a">0.694</subfield>
    <subfield code="b">2024</subfield>
  </datafield>
  <datafield tag="593" ind1=" " ind2=" ">
    <subfield code="a">Chemical Engineering (miscellaneous)</subfield>
    <subfield code="c">2024</subfield>
    <subfield code="d">Q2</subfield>
  </datafield>
  <datafield tag="593" ind1=" " ind2=" ">
    <subfield code="a">Physics and Astronomy (miscellaneous)</subfield>
    <subfield code="c">2024</subfield>
    <subfield code="d">Q2</subfield>
  </datafield>
  <datafield tag="593" ind1=" " ind2=" ">
    <subfield code="a">Chemistry (miscellaneous)</subfield>
    <subfield code="c">2024</subfield>
    <subfield code="d">Q2</subfield>
  </datafield>
  <datafield tag="594" ind1=" " ind2=" ">
    <subfield code="a">7.8</subfield>
    <subfield code="b">2024</subfield>
  </datafield>
  <datafield tag="655" ind1=" " ind2="4">
    <subfield code="a">info:eu-repo/semantics/article</subfield>
    <subfield code="v">info:eu-repo/semantics/publishedVersion</subfield>
  </datafield>
  <datafield tag="700" ind1=" " ind2=" ">
    <subfield code="a">Lalrempuia, Ralte</subfield>
  </datafield>
  <datafield tag="700" ind1=" " ind2=" ">
    <subfield code="a">Tabrizi, Leila</subfield>
  </datafield>
  <datafield tag="700" ind1=" " ind2=" ">
    <subfield code="a">Brandon, Michael P.</subfield>
  </datafield>
  <datafield tag="700" ind1=" " ind2=" ">
    <subfield code="a">McGarry, Ross</subfield>
  </datafield>
  <datafield tag="700" ind1=" " ind2=" ">
    <subfield code="a">Cullen, Aoibhín</subfield>
  </datafield>
  <datafield tag="700" ind1=" " ind2=" ">
    <subfield code="a">Fernández-Alvarez, Francisco J.</subfield>
    <subfield code="u">Universidad de Zaragoza</subfield>
    <subfield code="0">(orcid)0000-0002-0497-1969</subfield>
  </datafield>
  <datafield tag="700" ind1=" " ind2=" ">
    <subfield code="a">Pryce, Mary T.</subfield>
  </datafield>
  <datafield tag="700" ind1=" " ind2=" ">
    <subfield code="a">Fitzgerald-Hughes, Deirdre</subfield>
  </datafield>
  <datafield tag="710" ind1="2" ind2=" ">
    <subfield code="1">2010</subfield>
    <subfield code="2">760</subfield>
    <subfield code="a">Universidad de Zaragoza</subfield>
    <subfield code="b">Dpto. Química Inorgánica</subfield>
    <subfield code="c">Área Química Inorgánica</subfield>
  </datafield>
  <datafield tag="773" ind1=" " ind2=" ">
    <subfield code="g">462 (2024), 116218 [12 pp.]</subfield>
    <subfield code="p">J. photochem. photobiol., A Chem.</subfield>
    <subfield code="t">JOURNAL OF PHOTOCHEMISTRY AND PHOTOBIOLOGY A-CHEMISTRY</subfield>
    <subfield code="x">1010-6030</subfield>
  </datafield>
  <datafield tag="856" ind1="4" ind2=" ">
    <subfield code="s">1931817</subfield>
    <subfield code="u">http://zaguan.unizar.es/record/148875/files/texto_completo.pdf</subfield>
    <subfield code="y">Versión publicada</subfield>
  </datafield>
  <datafield tag="856" ind1="4" ind2=" ">
    <subfield code="s">2401928</subfield>
    <subfield code="u">http://zaguan.unizar.es/record/148875/files/texto_completo.jpg?subformat=icon</subfield>
    <subfield code="x">icon</subfield>
    <subfield code="y">Versión publicada</subfield>
  </datafield>
  <datafield tag="909" ind1="C" ind2="O">
    <subfield code="o">oai:zaguan.unizar.es:148875</subfield>
    <subfield code="p">articulos</subfield>
    <subfield code="p">driver</subfield>
  </datafield>
  <datafield tag="951" ind1=" " ind2=" ">
    <subfield code="a">2026-02-17-20:38:56</subfield>
  </datafield>
  <datafield tag="980" ind1=" " ind2=" ">
    <subfield code="a">ARTICLE</subfield>
  </datafield>
</record>
</collection>